000 00852nas a2200265 4500
001 BR7600103
003 BR-BrBNA
005 20231205082847.0
007 ta
008 230509b bl.|||p| |||| 00| 00por d
040 _aBR-BrBNA
_bpor
_cBiblioteca Nacional de Agricultura
041 _a(Pt)
072 _aK50
100 1 _aBarrichelo, L.E.G.
100 1 _aFoelkel, C.E.B.
245 1 _aUtilizacao de madeiras de essencias florestais nativas na obtencao de celulose: bracatinga (Mimosa bracatinga), embauba (Cecropia sp)caixeta (Tabebuia cassinordes)e boleira (Joannesia Princeps)
650 _aCELULOSE
650 _aBRACATINGA
650 _aIMBAUBA
650 _aCAIXETA
650 _aANDA-ASSU
773 0 _tIPEF (Brazil)
_x
_g(Aug 1975), (no. 10) p. 43-56
_wBR7600103
909 _a202311
_bLúcia
_c55
_dLúcia Elande
942 _2AGRIS
_n0
_cANA
999 _c94685
_d94685